| 000 | 01026nam0a22002651 4500 | ||
|---|---|---|---|
| 001 | rc\266850 | ||
| 005 | 20260406154120.0 | ||
| 010 |
_a5-295-02053-3 _920000 |
||
| 035 | _a(NLR Aleph) 005473141 | ||
| 090 |
_a5065424 _c5065424 |
||
| 100 | _a20030307d1997 |||y0rusy50 ca | ||
| 101 | 0 | _arus | |
| 102 | _aRU | ||
| 105 | _ay ||||||||| | ||
| 200 | 1 |
_aРУССКАЯ речь _eПособие по развитию речи для 5 кл. башк. шк. _f[Р.В. Альмухаметов, Н.Ш. Галлямова, Л.И. Дергун и др.] _gПод ред. проф. Л.Г. Саяховой |
|
| 205 | _a[2-е изд., перераб.] | ||
| 210 |
_aУфа _cКитап _d1997 |
||
| 215 |
_a145 с. _d20 |
||
| 701 | 1 |
_aАльмухаметов _bР.В. _gРашид Валиахметович |
|
| 702 | 1 |
_4340 _8rus _7ca _aСаяхова _bЛ. Г. _f1931- _gЛена Галеевна _3RU\NLR\auth\776832 _9116779 |
|
| 801 | 0 |
_aRU _bNLR _gpsbo |
|
| 801 | 1 |
_aRU _bELAR _2rusmarc |
|
| 852 |
_aNLR _j97-3/7666 |
||
| 942 | _cBOOK | ||
| 980 | _aNB | ||